000 00566cam a22002291 4500
001 sa 64008510
003 DLC
005 20260227112055.0
008 890418s1964 xx 000 0 beno
010 _asa 64008510
035 _a(OCoLC)23544607
040 _aDLC
_cMiU
_dDLC
042 _apremarc
050 0 0 _aHB881
_b.M78
100 1 _aMortajā, Mohāmmada,
_d1930-1971.
245 1 0 _aJanasaṃkhyā o sampada.
260 _c[1964]
300 _a3, 199, [1] p.
_c22 cm.
500 _aRomanized.
650 0 _aPopulation
651 0 _aDeveloping countries
999 _c60908
_d60908